| 000 | 00336nam a2200109Ia 4500 | ||
|---|---|---|---|
| 008 | 160531s9999 xx 000 0 und d | ||
| 100 | _aBrassington, Lain. | ||
| 245 | _aBioscience and the Good Life | ||
| 245 | _cby Iain Brassington | ||
| 260 | _c2013 | ||
| 856 | _uhttps://www.bloomsburycollections.com/book/bioscience-and-the-good-life/ | ||
| 999 |
_c295032 _d295032 |
||